[Event "COL-ch"]
[Site "Palmira"]
[Date "2017.05.19"]
[Round "7"]
[White "Cifuentes, Santiago"]
[Black "Solano, William"]
[Result "1-0"]
[WhiteElo "1553"]
[BlackElo "1849"]
[PlyCount "76"]
[EventDate "2017.05.15"]
[EventType "swiss"]
[EventRounds "10"]
[EventCountry "COL"]
[SourceTitle "CBM 178 Extra"]
[Source "ChessBase"]
[SourceDate "2017.06.22"]
[SourceVersion "1"]
[SourceVersionDate "2017.06.22"]
[SourceQuality "1"]

1. b3 b6 2. Bb2 Bb7 3. e3 e6 4. Nf3 Nf6 5. Be2 Be7 6. 0-0 0-0 7. c4 d5 8. Na3 c5 9. Nc2 Nc6 10. Rc1 Re8 11. a3 a5 12. d4 Ne4 13. Nd2 f5 14. Nxe4 fxe4 15. Bg4 Bf6 16. f4 exf3 17. Bxf3 cxd4 18. Nxd4 Ne5 19. Bg4 Nxg4 20. Qxg4 Qe7 21. Nc6 Bxc6 22. Bxf6 Qf7 23. cxd5 Bxd5 24. Be5 Qg6 25. Qxg6 hxg6 26. Rc7 Kh7 27. Rff7 Kh6 28. Rxg7 Rf8 29. Bf4+ g5 30. Bxg5+ Kh5 31. h3 Bxg2 32. Kxg2 Rf5 33. Bf4 e5 34. Bg3 Rd8 35. Rh7+ Kg6 36. Rcg7+ Kf6 37. Bh4+ Ke6 38. Bxd8 Kd5 1-0